| 000 | 00603nam a2200181 4500 | ||
|---|---|---|---|
| 999 |
_c170645 _d170645 |
||
| 005 | 20191218165327.0 | ||
| 010 | _aENG-127203 | ||
| 020 |
_a9789380200637 _c499.00 |
||
| 035 | _aEN-110735 | ||
| 037 | _bDBAD/PUB | ||
| 082 | _a332 | ||
| 100 | _aFulzee, Snehdeep | ||
| 245 |
_aDie poor or live rich : _cby Snehdeep Fulzele _byour life, your choice secrets to master your money / |
||
| 260 |
_aMumbai _bTV 18 Broadcast _c2018 |
||
| 270 |
_a414, 1st Floor Empire Mills Empire _bSenapati Bapat Marg, Lower (W),Mumbai _e400013 |
||
| 300 |
_a284p. _c20cm(Hb) |
||
| 942 |
_2ddc _cEN _h332 _mFUL |
||